00000000cam 2200000zi 4500
0019.961218
003CaOODSP
00520260511150101
006m     o  d f      
007cr cn ||||||||
008260323e202604##onc     o    f000 0 eng d
020 |a9780660991542
040 |aCaOODSP|beng|erda|cCaOODSP
043 |an-cn---
0861 |aH164-421/3-2026E-PDF
24500|aNatural health products good manufacturing practices pre-inspection package : |bchecklist for labellers / |cRegulatory Operations and Enforcement.
264 1|aOttawa, ON : |bHealth Canada = Santé Canada, |cApril 2026.
264 4|c©2026
300 |a1 online resource (6 pages)
336 |atext|btxt|2rdacontent
337 |acomputer|bc|2rdamedia
338 |aonline resource|bcr|2rdacarrier
500 |aCover title.
500 |a"Unclassified."
500 |aIssued also in French under title: Trousse de préinspection des bonnes pratiques de fabrication des produits de santé naturels : liste de vérification pour les étiqueteurs.
520 |a"This natural health products (NHP) good manufacturing practices (GMP) pre-inspection package is for anyone who conducts licensable activities involving NHPs. This includes: manufacturers, packagers, labellers, importers"--Provided by publisher.
650 5|aNatural health products|xSafety regulations|zCanada.
650 0|aNatural health products|xInspection|zCanada.
650 5|aNatural health products|xLabeling|xGovernment policy|zCanada.
7101 |aCanada.|bHealth Canada. |bRegulatory Operations and Enforcement Branch, |eissuing body.
77508|tTrousse de préinspection des bonnes pratiques de fabrication des produits de santé naturels : |w(CaOODSP)9.961217
85640|qPDF|s599 KB|uhttps://publications.gc.ca/collections/collection_2026/sc-hc/H164-421-3-2026-eng.pdf
8564 |qHTML|sN/A|uhttps://www.canada.ca/en/health-canada/services/drugs-health-products/compliance-enforcement/good-manufacturing-practices/guidance-documents/natural-health-products-good-manufacturing-practices-pre-inspection-package/checklist-labellers.html